[Event "Titled Tuesday intern op 28th Mar Early"]
[Site "Chess.com INT"]
[Date "2023.03.28"]
[Round "7"]
[White "Bitoon, Richard"]
[Black "Krsnik Cohar, Ivan Vihor"]
[Result "1-0"]
[WhiteElo "2375"]
[BlackElo "2336"]
[PlyCount "73"]
[EventDate "2023.03.28"]
[EventType "swiss (blitz)"]
[EventRounds "11"]
[EventCountry "USA"]
[SourceTitle "EXT 2024"]
[Source "ChessBase"]
[SourceDate "2023.10.10"]
[SourceVersion "1"]
[SourceVersionDate "2023.10.10"]
[SourceQuality "1"]

1. e4 c5 2. c3 g6 3. d4 cxd4 4. cxd4 d5 5. e5 Bg7 6. Nc3 Nc6 7. h3 f6 8. f4 Nh6 9. g4 0-0 10. Bg2 Be6 11. Nf3 fxe5 12. fxe5 Qb6 13. Na4 Qd8 14. 0-0 Nf7 15. Nc5 Bc8 16. Be3 b6 17. Nb3 Ba6 18. Rf2 Rc8 19. Qd2 e6 20. h4 Qe7 21. h5 gxh5 22. gxh5 Qb4 23. Qd1 Bh6 24. Bd2 Bxd2 25. Nfxd2 Nh6 26. a3 Qe7 27. Nf3 Rf4 28. Qd2 Rcf8 29. Rc1 Bc4 30. Na1 Nxd4 31. b3 Nxf3+ 32. Bxf3 Rxf3 33. Rg2+ Kh8 34. bxc4 Nf5 35. cxd5 Nh4 36. Rg4 Rf2 37. Qh6 1-0

[Event "Titled Tuesday intern op 28th Mar Early"]
[Site "Chess.com INT"]
[Date "2023.03.28"]
[Round "3"]
[White "Galchenko, Vadim"]
[Black "Krsnik Cohar, Ivan Vihor"]
[Result "1-0"]
[WhiteElo "2207"]
[BlackElo "2336"]
[PlyCount "63"]
[EventDate "2023.03.28"]
[EventType "swiss (blitz)"]
[EventRounds "11"]
[EventCountry "USA"]
[SourceTitle "EXT 2024"]
[Source "ChessBase"]
[SourceDate "2023.10.10"]
[SourceVersion "1"]
[SourceVersionDate "2023.10.10"]
[SourceQuality "1"]

1. e4 c5 2. a3 g6 3. b4 Bg7 4. Nc3 b6 5. Rb1 d6 6. g3 Bb7 7. Bg2 Nf6 8. Nge2 0-0 9. 0-0 e5 10. d3 Nc6 11. Nd5 Nxd5 12. exd5 Nd4 13. c3 Nxe2+ 14. Qxe2 f5 15. Bb2 Qd7 16. Ba1 a5 17. bxc5 bxc5 18. c4 Rfb8 19. f4 Re8 20. Qf2 Ba6 21. Rb6 e4 22. Bxg7 Qxg7 23. dxe4 fxe4 24. Qe3 Qd4 25. Re1 Bxc4 26. Rxd6 Rab8 27. Bh3 Rb1 28. Be6+ Rxe6 29. Rd8+ Kf7 30. dxe6+ Kxe6 31. Rxd4 Rxe1+ 32. Qxe1 1-0

[Event "Titled Tuesday intern op 28th Mar Early"]
[Site "Chess.com INT"]
[Date "2023.03.28"]
[Round "1"]
[White "Krsnik Cohar, Ivan Vihor"]
[Black "Tarnowska, Aleksandra"]
[Result "1-0"]
[WhiteElo "2336"]
[BlackElo "1835"]
[PlyCount "59"]
[EventDate "2023.03.28"]
[EventType "swiss (blitz)"]
[EventRounds "11"]
[EventCountry "USA"]
[SourceTitle "EXT 2024"]
[Source "ChessBase"]
[SourceDate "2023.10.10"]
[SourceVersion "1"]
[SourceVersionDate "2023.10.10"]
[SourceQuality "1"]

1. e4 c5 2. Ne2 e6 3. g3 Nc6 4. Bg2 d6 5. c3 Nf6 6. d4 cxd4 7. cxd4 d5 8. e5 Bb4+ 9. Bd2 Bxd2+ 10. Qxd2 Nd7 11. Nbc3 0-0 12. 0-0 b6 13. f4 Ne7 14. f5 Nxf5 15. Nxd5 Rb8 16. Rad1 Bb7 17. Ne3 Nxe3 18. Qxe3 Bxg2 19. Kxg2 b5 20. d5 exd5 21. e6 Qe7 22. Nf4 fxe6 23. Nxd5 Qc5 24. Qxe6+ Kh8 25. Qxd7 Qc2+ 26. Kh3 Rf2 27. Rxf2 Qxf2 28. Nf4 Qf3 29. Qd8+ Rxd8 30. Rxd8# 1-0